Models and mirrors : towards an anthropology of public events
Αποθηκεύτηκε σε:
| Κύριος συγγραφέας: | |
|---|---|
| Μορφή: | Βιβλίο |
| Γλώσσα: | English |
| Δημοσίευση: |
Cambridge :
Cambridge University Press,
1989
|
| Θέματα: | |
| Ετικέτες: |
Προσθήκη ετικέτας
Δεν υπάρχουν, Καταχωρήστε ετικέτα πρώτοι!
|
MARC
| LEADER | 00000nam a2200000 i 4500 | ||
|---|---|---|---|
| 001 | 1/63142 | ||
| 008 | 930923s1990 eng d | ||
| 020 | |a 0-521-35069-7 | ||
| 035 | |a ΛΕΣΒΟΣb10001161 |l 10001161 | ||
| 040 | |a GR-MY-UA |b gre |e aacr | ||
| 041 | 0 | |a eng | |
| 082 | 0 | |a 394.2 | |
| 100 | 1 | |a Handelman, Don. | |
| 245 | 1 | 0 | |a Models and mirrors : |b towards an anthropology of public events / |c Don Handelman |
| 260 | |a Cambridge : |b Cambridge University Press, |c 1989 | ||
| 300 | |a 330 p. | ||
| 504 | |a Includes bibliographical references and index | ||
| 650 | 0 | 0 | |a Festivals. |
| 650 | 0 | 0 | |a Holidays. |
| 650 | 0 | 0 | |a Play. |
| 650 | 0 | 0 | |a Symbolism. |
| 852 | |a INST |b LESVOS |e 19930923 |h 394.2 HAN |p 005100004038 |q 005100004038 |t BK |y 0 | ||
| 909 | |a Λ |b 018848 | ||